skbl

Dr Suryya Kumar Bhuyan Library Web-OPAC
ডঃ সূৰ্য্য
কুমাৰ ভূঞা পুথিভঁৰাল ৱেব-অ'পেক

All Research Scholars are advised to clear the annual library fees to continue using Library Resources, Remote Access, Plagiarism Test and Library Clearance.

Cotton University Book Fair 2026

Selected Essays on Tribes and Castes of Assam Part- 1 / (Record no. 52777)

MARC details
000 -LEADER
fixed length control field 00835nam a2200277Ia 4500
001 - CONTROL NUMBER
control field 52814
005 - DATE AND TIME OF LATEST TRANSACTION
control field 20240114005320.0
007 - PHYSICAL DESCRIPTION FIXED FIELD--GENERAL INFORMATION
fixed length control field ta
008 - FIXED-LENGTH DATA ELEMENTS--GENERAL INFORMATION
fixed length control field 101104s2007 g b000 u 903 u
040 ## - CATALOGING SOURCE
Original cataloging agency Cotton College,Assam
041 ## - LANGUAGE CODE
Language code of text/sound track or separate title 903
082 ## - DEWEY DECIMAL CLASSIFICATION NUMBER
Classification number 301.208
Item number Th 32 Se
100 ## - MAIN ENTRY--PERSONAL NAME
Personal name Thakur, Dr.G.C.Sarma .
245 #0 - TITLE STATEMENT
Title Selected Essays on Tribes and Castes of Assam Part- 1 /
Statement of responsibility, etc. Dr.G.C.Sarma Thakur.
Medium Textual Documents
250 ## - EDITION STATEMENT
Edition statement Ist ed. /
260 ## - PUBLICATION, DISTRIBUTION, ETC.
Place of publication, distribution, etc. Guwahati :
Name of publisher, distributor, etc. Directorate of Assam Institute of Research for Tribals and Scheduled Castes ,
Date of publication, distribution, etc. 2007.
300 ## - PHYSICAL DESCRIPTION
Extent 247pg ;
Dimensions 19cm.
653 ## - INDEX TERM--UNCONTROLLED
Uncontrolled term Sociology
653 ## - INDEX TERM--UNCONTROLLED
Uncontrolled term Essays of collection Tribes -Castes of Assam
653 ## - INDEX TERM--UNCONTROLLED
Uncontrolled term Deptt- Bodo
653 ## - INDEX TERM--UNCONTROLLED
Uncontrolled term G- Bodo
942 ## - ADDED ENTRY ELEMENTS (KOHA)
Source of classification or shelving scheme Dewey Decimal Classification
Koha item type Books
Holdings
Withdrawn status Lost status Damaged status Not for loan Collection Home library Current library Date acquired Coded location qualifier Total checkouts Full call number Barcode Date last seen Copy number Price effective from Koha item type
          Dr. Suryya Kumar Bhuyan Library Dr. Suryya Kumar Bhuyan Library 01/02/2012 00000   301.208 Th 32 Se 1013/Bodo 14/01/2024 1 01/02/2012 Books
          Dr. Suryya Kumar Bhuyan Library Dr. Suryya Kumar Bhuyan Library 01/02/2012 00000   301.208 Th 32 Se 1012/Bodo 14/01/2024 2 01/02/2012 Books

Designed and Maintained by Team SKBL
©1901-2026

Powered by Koha